00803nam a22002297a 4500003001100000005001700011008004100028020001500069040003900084041000800123082002000131245008400151260004300235300005900278650003700337650004000374650002000414700002400434942000700458952009300465999001500558LK-CoMWRAF20231116151837.0230830b1993 |||||||| |||| 00| 0 eng d a0195633385 aLK-CoMWRAFdLK-CoMWRAFeLK-CoMWRAF aeng a322.10954 bREL aReligion and political conflict in South Asia:bIndia, Pakistan, and Sri Lanka  aDelhi:bOxford university press,c1993 aviii, 230 p. ; 25 cm.bBibliography and index included aRELIGION AND POLITICS-South Asias a Politics and government-South Asias aSocial conflict aAllen, Douglaseed. cBK 00104070aMAINbMAINd2023-08-30l0o322.10954 RELpRAF416r2023-08-30w2023-08-30yBK c3311d3311